000 00280nam a2200109Ia 4500
008 220204s9999 xx 000 0 und d
082 _a929A/Z(MAR)
_bFRA
100 _aFraser, Antonia
245 0 _aMary Queen of scots
260 _aLondon
_bWeidenfeld & Nicolson
_c1969
942 _cBK
999 _c29534
_d29534